000 00557nam a2200205Ia 4500
005 20250923144648.0
008 008 250917s9999 xx 000 0 eng d
037 _aTextual
040 _aDSWL
_beng
_cDSWL
041 _aeng
_2eng
084 _aM14, J4
_qDSWL
100 _aSimon, Oliver
_9827117
245 0 _aIntroduction to typography
_cby Oliver Simon
260 _bPenguin Book & Faber & Faber
_c1954
300 _ax,117p.
365 _aINR
_b3.6
925 _g3.6
942 _cTEXL
_hM14, J4
999 _c1441757
_d1441757